Biofluid mechanics

This book provides an in-depth study of biological fluid dynamics through the lens of fluid mechanics, focusing on its applications to complex biological systems. It integrates engineering and life sciences to address biomedical challenges, particularly in cardiovascular treatment. Designed for prof...

Szczegółowa specyfikacja

Zapisane w:
Opis bibliograficzny
1. autor: Mazumdar, Jagannath
Format: Książka
Język:Vietnamese
Wydane: Singapore World Scientific Publishing Company 2016
Wydanie:2nd ed.
Hasła przedmiotowe:
Etykiety: Dodaj etykietę
Nie ma etykietki, Dołącz pierwszą etykiete!
Thư viện lưu trữ: Thư viện Trường Đại học Nam Cần Thơ
LEADER 01194nam a22002177a 4500
001 NCT_4_028237
008 251101b xxu||||| |||| 00| 0 vie d
999 |c 9410  |d 9410 
020 |a 9789814713979  |c $64 
082 0 4 |2 23rd ed.  |a 612.1  |b M475 
100 1 |a Mazumdar, Jagannath 
245 1 0 |a Biofluid mechanics  |c Jagannath Mazumdar 
250 |a 2nd ed. 
260 |a Singapore  |b World Scientific Publishing Company  |c 2016 
300 |a xvi, 247 p.  |b ill.  |c 24 cm 
504 |a Includes bibliographical references and index 
520 3 |a This book provides an in-depth study of biological fluid dynamics through the lens of fluid mechanics, focusing on its applications to complex biological systems. It integrates engineering and life sciences to address biomedical challenges, particularly in cardiovascular treatment. Designed for professionals and students, it highlights key applications of biofluid mechanics in modern biomedical engineering. 
653 |a Y đa khoa 
942 |2 ddc  |c BK 
952 |0 0  |1 0  |2 ddc  |4 0  |6 612_100000000000000_M475  |7 0  |9 31546  |a 000001  |b 000001  |d 2025-11-01  |o 612.1 M475  |p MD.24549  |r 2025-11-01  |v 64.00  |w 2025-11-01  |y BK 
980 |a Thư viện Trường Đại học Nam Cần Thơ